000 00663nam a2200277Ia 4500
005 20260324113123.0
008 008 260324s9999 xx 000 0 eng d
020 _a9781003427278
037 _aEBOOK
040 _aCRL
040 _beng
040 _cCRL
041 _2eng
041 _aeng
084 _qCRL
100 _aSteven Parfitt
_91145501
245 0 _aEmma Paterson, Trade Unionist and Feminist, In Her Own Words
260 _bTaylor and Francis
260 _c2024
365 _a
365 _b220
856 _uhttp://www.taylorfrancis.com/books/9781003427278
942 _cEBOOK
999 _c1734987
_d1734987